Phrases cultes: l'art de la guerre - Statistiques

Statistiques générales
  • Ce quiz a été pris 223 fois
  • Le résultat moyen est 4 sur 10
Statistiques - réponses
Citations Indices Personne l'ayant prononcée % Correct
Alea jacta est. Il fait franchir le Rubicon à ses troupes en 49 av. J.-C. Jules César
98%
Je n'ai rien d'autre à offrir que du sang, de la peine, des larmes et de la sueur. Discours inaugural le 13 mai 1940 sur la vague nazie qui submerge l'Europe Winston Churchill
77%
Du haut de ses pyramides, quarante siècles vous contemplent. Campagne d'Egypte le 13 juillet 1798 Napoléon Bonaparte
67%
Ralliez-vous à mon panache blanc. Bataille d'Ivry le 15 mars 1590, protestants contre catholiques Henri IV
51%
Qui m'aime me suive ! Jeune roi en 1328 qui aide le comte de Flandres Philippe VI de Valois
18%
Mon royaume pour un cheval ! Citation littéraire extraite de la pièce sur Richard III William Shakespeare
18%
Encore une victoire comme celle-là et nous sommes perdus. Le roi d'Epire se présente contre les Romains (bataille d'Ausculum) en -279 Pyrrhus
17%
Tuez-les tous, Dieu reconnaîtra les siens. Une armée de croisade mettent le siège devant Béziers en 1209 Arnaud Amaury
4%
La Fayette, nous voilà ! Le 14 juillet 1917 devant la tombe de Raoul de la Fayette Charles Stanton
3%
Tirez les premiers messieurs les anglais. Bataille de Fontenoy en mai 1745, il est l'émissaire français qui fut touché de sept balles Comte d'Anterroches
3%
Aucun quiz correspondant
Distribution des résultats
% des personnes avec chaque résultat
Percentile par nombre de réponses
Votre historique - résultats
Vous n’avez pas pris ce quiz